|
|
|
|
| LEADER |
00000nam a2200000 a 4500 |
| 001 |
UCH5683 |
| 003 |
CL-VaPUC |
| 008 |
091015e20080000SP |||||||||||||||||spa|d |
| 020 |
|
|
|a 9788483068021
|
| 082 |
0 |
4 |
|a 327.12973
|b WEI
|2 21
|
| 100 |
0 |
|
|a Weiner, Tim
|e author
|9 542002
|
| 245 |
1 |
0 |
|a Legado de cenizas: la historia de la CIA
|
| 250 |
|
|
|a 3a. ed
|
| 300 |
|
|
|a 716 p
|
| 942 |
|
|
|c BK
|
| 945 |
|
|
|d 20091015 00:00:00
|a rbrito
|
| 260 |
|
|
|a Barcelona
|b Debate
|c 2008
|
| 650 |
|
7 |
|a ESPIONAJE
|2 CL-VaPUC
|9 381854
|
| 650 |
|
0 |
|a Política exterior
|9 316628
|
| 650 |
|
0 |
|a Imperialismo
|9 258264
|
| 650 |
|
7 |
|a DELITOS CONTRA LA PAZ
|2 CL-VaPUC
|9 259258
|
| 650 |
|
7 |
|a INTELIGENCIA MILITAR
|2 CL-VaPUC
|9 507341
|
| 583 |
|
|
|a last modification
|c 20091015 00:00:00
|k Rodrigo Vera
|
| 999 |
|
|
|c 336785
|d 336783
|
| 952 |
|
|
|0 0
|1 0
|4 0
|6 327_129730000000000_WEI_2008
|7 0
|8 A
|9 428714
|a BIBHIS
|b BIBHIS
|d 2019-11-22
|i 460699K
|l 3
|o 327.12973 WEI 2008
|p 460699K
|r 2025-01-20
|s 2024-10-03
|w 2019-11-22
|y BK
|k HIS
|